000 00384cam a22001217a 4500
008 180718b1977 xxu||||| |||| 00| 0 eng d
082 _aA81x54 In2/71/27/PT10A
100 _aCensus of India 1971
245 _aHouseless in Delhi: special study
260 _aDelhi
_bThe Controller of Publications
_c1977
300 _a93+p.
440 _aCensus of India 1971. Series-27, Delhi. Part X (a)
999 _c485587
_d485587